| 000 | 00000nam 2200000za 4500 |
| 001 | 9.806877 |
| 003 | CaOODSP |
| 005 | 20230822095344 |
| 007 | cr ||||||||||| |
| 008 | 151202s1992 mbc |o f|0| 0 fre d |
| 040 | |aCaOODSP|bfre |
| 043 | |an-cn--- |
| 086 | 1 |aEn108-3/1-42F-PDF |
| 110 | 1 |aCanada.|bConseil canadien des ministres de l'environnement. |
| 245 | 10|aLignes directrices sur la gestion des déchets biomédicaux au Canada |h[ressource électronique] / |cpréparées par l'Association canadienne de normalisation. |
| 260 | |6Winnipeg : |bConseil canadien des ministres de l'environnement, |c1992. |
| 300 | |axiv, 48 p. : |btables. |
| 490 | 1 |a[Rapport] ; |vCCME-EPC-WM-42F |
| 500 | |aPubli. aussi en anglais sous le titre : Guidelines for the management of biomedical waste in Canada. |
| 500 | |aLe numéro de catalogue (En108-3/1-42) et l'ISBN (0-919074-59-6 et 0-662-97411-5) de l'édition imprimée ont été copiés dans l’édition électronique. |
| 500 | |a« Février 1992. » |
| 504 | |aComprend des références bibliographiques. |
| 692 | 07|2gccst|aDéchets dangereux |
| 775 | 08|tGuidelines for the management of biomedical waste in Canada |w(CaOODSP)9.806775 |
| 776 | 0#|tLes lignes directrices sur la gestion des déchets biomédicaux au Canada / |w(CaOODSP)9.621459 |
| 830 | #0|a[Rapport].
;|vCCME EPC-WM-42E |w(CaOODSP)9.515887 |
| 856 | 40|qPDF|s2.86 Mo|uhttps://publications.gc.ca/collections/collection_2015/ec/En108-3-1-42-fra.pdf |